Rozpoznaj polskie miasto po nazwach dzielnic - Statystyki

Ogólne statystyki
  • Ten quiz został rozwiązany 5 950 razy
    5 672 od ostatniego zresetowania
  • Średni wynik to 8 z 16
Statystyki odpowiedzi
Dzielnice Miasto % Poprawnych
Żoliborz, Mokotów, Targówek Warszawa
97%
Widzew, Bałuty, Polesie Łódź
85%
Kazimierz, Bronowice, Czyżyny Kraków
83%
Orunia, Wrzeszcz, Brętowo Gdańsk
78%
Wilda, Ławica, Dębiec Poznań
65%
Zawisza, Szwederowo, Bielawy Bydgoszcz
53%
Chylonia, Oksywie, Redłowo Gdynia
53%
Zdroje, Pogodno, Pomorzany Szczecin
49%
Bogucice, Ligota, Załęże Katowice
44%
Ołbin, Karłowice, Tarnogaj Wrocław
41%
Wrotków, Tatary, Sławinek Lublin
29%
Baranówka, Wilkowyja, Żabnik Rzeszów
24%
Herby, Wielkopole, Szydłówek Kielce
20%
Lisiniec, Kiedrzyn, Zawodzie Częstochowa
13%
Wieprzyce, Piaski, Zakanale Gorzów Wielkopolski
10%
Radziwie, Międzytorze, Ośnica Płock
7%
Nie znaleziono quizów pasujących do podanych kryteriów
Rozkład punktacji
Procent ludzi z każdym wynikiem
Percentyl według liczby udzielonych odpowiedzi
Twoja historia wyników
Nie rozwiązałeś tego quizu od ostatniego zresetowania